[Event "GER-ch Blitz Women 2020"]
[Site "Magdeburg"]
[Date "2020.08.15"]
[Round "10.8"]
[White "Voicu-Jagodzinsky, Carmen"]
[Black "Zschischang, Marine"]
[Result "1-0"]
[WhiteElo "2244"]
[BlackElo "2070"]
[Annotator "TA"]
[PlyCount "53"]
[EventDate "2020.07.28"]
[EventType "tourn"]
[EventCountry "GER"]
[SourceTitle "playchess.com"]
[Source "ChessBase"]
[SourceQuality "1"]

{[%evp 9,53,12,47,18,47,38,50,25,32,14,56,62,72,81,98,85,149,143,177,163,286,286,265,260,326,325,736,373,490,172,179,190,179,170,174,179,236,237,259,265,333,319,319,341,276,103]} 1. Nf3 e6 2. g3 d5 3. Bg2 Be7 4. b3 {[#]} Bf6 $146 ({Predecessor:} 4... h5 5. h4 Bf6 6. d4 c5 7. Bb2 Nc6 8. O-O Nge7 9. c3 b6 10. Nbd2 Bb7 11. e4 cxd4 12. cxd4 dxe4 13. Nxe4 {0-1 (30) Hortolani,S (2043)-Heinrichs,P (1938) Playchess.com INT 2020}) 5. c3 h5 6. h4 {A07: Réti Opening: New York and Capablanca Systems.} Nh6 7. d4 Ng4 8. Bf4 {White is slightly better.} Nd7 9. Nbd2 b6 10. O-O Ba6 11. Re1 O-O 12. e4 {Black must now prevent exd5.} dxe4 ({Better is} 12... c5) 13. Nxe4 $16 Rc8 14. Nfg5 Bb5 (14... Re8 {is a better defense.} 15. Nxf6+ gxf6) 15. c4 Ba6 16. Qd3 c5 17. Nd6 {[%csl Gg5][%cal Rd3h7] [#]} g6 $2 (17... Bxg5 18. Bxg5 f6) 18. Nxc8 Bxd4 19. Nd6 $2 (19. Rxe6 Nde5 20. Bxe5 Nxe5 21. Ne7+ Qxe7 22. Rxe7 Nxd3 23. Rd1) 19... Nxf2 $18 20. Qc2 {Threatens to win with Nxe6!} Ng4+ {[#]} 21. Kf1 $1 Qf6 22. Nge4 Qg7 (22... Qe7 $142) 23. Rad1 e5 24. Bc1 {White has a decisive advantage.} Ndf6 25. Ng5 Nh7 {next ...Qf6+ is good for Black.} 26. Rxd4 cxd4 27. Nge4 $2 {Black did not feel at home in the position after the opening. Accuracy: White = 69%, Black = 42%.} (27. Kg1 $18 {and White stays clearly on top.}) 1-0

[Event "GER-ch Blitz Women 2020"]
[Site "Magdeburg"]
[Date "2020.08.15"]
[Round "10.9"]
[White "Leib, Britta"]
[Black "Heinemann, Josefine"]
[Result "0-1"]
[WhiteElo "1903"]
[BlackElo "2281"]
[Annotator "TA"]
[PlyCount "68"]
[EventDate "2020.07.28"]
[EventType "tourn"]
[EventCountry "GER"]
[SourceTitle "playchess.com"]
[Source "ChessBase"]
[SourceQuality "1"]

{[%evp 11,68,20,21,-48,-31,-58,-50,-59,-29,-31,-32,-59,-10,-4,-8,-50,26,0,0,0,0,0,0,-14,0,-37,4,-13,-13,-20,33,-11,20,24,12,-641,-651,-629,-640,-771,-794,-1018,-1006,-29995,-1045,-1030,-1007,-1026,-1019,-988,-957,-1252,-1109,-1087,-1072,-1306,-1054,-1015,-997]} 1. e4 c5 2. Nf3 d6 3. d4 cxd4 4. Nxd4 Nf6 5. Nc3 a6 6. f4 e5 7. fxe5 {B93: Sicilian Najdorf: 6 f4.} ({Better is} 7. Nb3 $11) 7... dxe5 $15 8. Nf5 Qxd1+ {[#]} 9. Kxd1 $146 {Black is slightly better.} ({Predecessor:} 9. Nxd1 Bxf5 10. exf5 Bc5 11. Bg5 Nbd7 12. Nc3 Bd4 13. Na4 b5 14. Nc3 O-O 15. Bd2 {0-1 (67) Gheng,C-Buschle,L playchess.com INT 2008}) 9... g6 10. Ne3 Be6 11. Bc4 Bxc4 12. Nxc4 Nbd7 13. Bg5 Bg7 (13... Ng4 $15 14. Ke2 Rc8) 14. a4 O-O 15. Rf1 h6 16. Bh4 g5 17. Bg3 Rad8 18. Ke2 Nh5 19. Bf2 Nf4+ 20. Kf3 h5 (20... Ne6 $11) 21. h3 f5 22. exf5 Rxf5 23. Rfd1 $2 {[%mdl 8192] Now White is beyond hope.} (23. Kg3 $11) 23... Nxh3+ $19 {[%mdl 64] [#] Discovered Attack} 24. Kg3 Nxf2 25. Rd6 Rc8 26. b3 Nf6 {( -> ...N6g4)} 27. Rad1 N6e4+ (27... N6g4 $142 28. Rd8+ Rxd8 29. Rh1 Nxh1+ 30. Kh3 Nhf2+ 31. Kg3 h4#) 28. Nxe4 {Black is clearly winning.} Nxe4+ 29. Kh2 Nxd6 30. Rxd6 Rf2 31. Rd7 {[#]} Rxc4 $1 32. bxc4 Rxc2 33. Rxb7 Rxc4 34. a5 Rc5 {Accuracy: White = 38%, Black = 54%.} 0-1

[Event "GER-ch Blitz Women 2020"]
[Site "Magdeburg"]
[Date "2020.08.15"]
[Round "11.1"]
[White "Heinemann, Josefine"]
[Black "Paehtz, Elisabeth"]
[Result "1-0"]
[WhiteElo "2281"]
[BlackElo "2473"]
[Annotator "TA"]
[PlyCount "49"]
[EventDate "2020.07.28"]
[EventType "tourn"]
[EventCountry "GER"]
[SourceTitle "playchess.com"]
[Source "ChessBase"]
[SourceQuality "1"]

{[%evp 10,49,25,14,44,36,37,29,46,39,34,-43,-21,-110,116,110,215,225,208,133,412,412,472,479,583,653,636,626,791,747,1008,980,1212,1172,1166,1102,1110,1163,1440,1434,1844,1767]} 1. e4 c5 2. Nf3 d6 3. d4 cxd4 4. Nxd4 Nf6 5. Nc3 a6 6. f3 Nbd7 {B90: Sicilian Najdorf: Unusual White 6th moves, 6 Be3 Ng4 and 6 Be3 e5.} 7. g4 h6 8. Be3 Qc7 {White has an edge.} 9. Qd2 b5 {[#]} 10. a4 $146 (10. a3 $14) ({Predecessor:} 10. O-O-O b4 11. Nce2 Bb7 12. Qxb4 e5 13. Nb3 d5 14. Qa5 Rc8 15. Qxc7 Rxc7 16. Ng3 dxe4 {0-1 (35) Adair,J (2488)-Edouard,R (2628) Reading 2017}) 10... b4 $1 $15 {[%cal Rb4c3]} 11. Na2 {[#]} (11. Nd5 $11 {keeps the balance.} Nxd5 12. exd5) 11... a5 $2 (11... d5 $1 $17 {and life is bright.} 12. e5 (12. Nxb4 dxe4 13. fxe4 e6 $17) 12... Nxe5 13. Nxb4 e6) 12. c3 $36 {[%mdl 2048] White is really pushing.} bxc3 (12... b3 $16) 13. Nxc3 $18 e6 14. Rc1 Qb7 $2 {[%mdl 8192] A mistake that costs the game.} (14... Nc5 $16) 15. Bb5 Rb8 16. O-O {White is clearly winning.} g6 17. Nc6 Ra8 18. Rfd1 d5 19. exd5 e5 20. Nxe5 Bb4 21. Bc6 Qb8 22. Nxd7 Nxd7 23. Bd4 Kf8 24. Bxh8 Bc5+ 25. Kg2 {Accuracy: White = 65%, Black = 35%.} 1-0

[Event "GER-ch Blitz Women 2020"]
[Site "Magdeburg"]
[Date "2020.08.15"]
[Round "11.2"]
[White "Zschischang, Marine"]
[Black "Leib, Britta"]
[Result "1/2-1/2"]
[WhiteElo "2070"]
[BlackElo "1903"]
[Annotator "TA"]
[PlyCount "150"]
[EventDate "2020.07.28"]
[EventType "tourn"]
[EventCountry "GER"]
[SourceTitle "playchess.com"]
[Source "ChessBase"]
[SourceQuality "1"]

{[%evp 10,150,32,26,48,38,56,48,45,4,64,-17,127,77,194,125,249,169,197,145,156,153,186,155,161,155,173,173,179,177,178,184,178,154,152,137,160,147,181,22,154,22,156,164,160,84,195,79,240,89,129,129,118,121,269,0,467,290,285,0,0,-76,-76,-76,347,343,335,141,271,0,6,6,137,71,264,88,562,-38,-38,-38,-38,-38,-38,-329,-242,-235,-39,-39,-31,-31,-8,-56,-39,-39,0,0,0,0,0,0,0,0,0,-114,-114,-124,-124,-29953,-6444,-29971,-29972,-29971,-29968,-29968,-29967,-29968,-29965,-29965,-29963,-12822,-329,-5189,0,-125,0,-125,-8,-8,0,-8,-8,-8,-8,-8,-8,-8,-8,-8,-8,-8,-8,-8,-8]} 1. d4 Nf6 2. Nf3 g6 3. Nc3 Bg7 4. e4 d6 5. Be3 O-O 6. Qd2 Re8 {B08: Pirc Defence: Classical System.} 7. Be2 c6 {[#]} 8. h4 $146 ({Predecessor:} 8. O-O b5 9. a3 a6 10. h3 Qc7 11. Nh2 Nbd7 12. f4 e5 13. Bf3 exd4 14. Bxd4 Bb7 {½-½ (69) Chihi,M (1664)-Alvarado Arcila,M (1967) chess.com INT 2020}) 8... b5 {White is slightly better.} 9. e5 dxe5 (9... Ng4 $11) 10. dxe5 ({Better is} 10. Nxe5 $14 b4 11. Nd1) 10... Nd5 (10... Qxd2+ $11 11. Bxd2 Ng4) 11. Nxd5 cxd5 (11... Qxd5 $16 12. Qxd5 cxd5) 12. Bxb5 (12. Bh6 $18) 12... Rf8 (12... Bd7 $16) 13. Rd1 Bg4 14. Qxd5 (14. h5 $18) 14... Qxd5 $16 15. Rxd5 a6 16. Be2 e6 17. Rd6 Rc8 18. c3 Nc6 19. Nd4 Nxe5 20. f3 (20. Rxa6 Bxe2 21. Rxa8 Rxa8 $11) (20. Bxa6 Bf8 $11) 20... Bf5 {...Bd3 would now be nice for Black.} 21. Nxf5 (21. Bxa6 Rcb8 $15) 21... gxf5 22. Kf2 (22. Bxa6 Rcb8 $15) 22... a5 23. Rhd1 Bf8 24. Rb6 $2 (24. Ra6 $18) 24... a4 (24... f4 $1 $11 25. Bd4 (25. Bxf4 Bc5+ 26. Kg3 Bxb6 $11) 25... Nc6) 25. a3 (25. Rb5 $16 Nc4 26. Bd4) 25... Ng6 (25... f4 $1 $11 26. Bd4 (26. Bxf4 Bc5+ 27. Kg3 Bxb6 $14) 26... Nc6) 26. g3 Ne7 27. c4 (27. Rb7 $142) 27... Rab8 (27... Nc6 $16 {was called for.}) 28. Rd7 (28. Rb5 $18) 28... Ng6 $2 (28... f4 $16 29. gxf4 Nf5) 29. Rbb7 $2 (29. c5 $18 {is more deadly.}) 29... Ne5 30. Rxb8 Rxb8 31. Rd2 $36 {[%mdl 2048] Black is under strong pressure.} Rb3 (31... Rc8 $16 32. f4 Ng4+ 33. Bxg4 fxg4) 32. f4 $2 (32. Rd8 $18) 32... Nc6 $2 {[%mdl 8192]} (32... Rxe3 $1 $11 {and Black has nothing to worry.} 33. fxe5 (33. Kxe3 $2 {loses.} Bc5+ 34. Rd4 Nc6 $19 {[%mdl 64] Pin}) 33... Bc5) 33. Bf3 Na5 34. c5 $2 (34. Rc2 $1 $18) 34... Nc4 {[%mdl 64] Double Attack} 35. Rd8 (35. c6 $1 $11 {remains equal.} Nxe3 36. c7) 35... Nxe3 $17 36. c6 {Black must now prevent c7.} Rxb2+ $2 {[%mdl 8192]} (36... Nc4 $17 37. c7 Rxb2+ 38. Kf1 Nb6) 37. Kxe3 {[%mdl 4096] Endgame KRB-KRB} Rc2 {Now ...Kg7 and Black clings on.} 38. Ra8 (38. Kd3 $18 {has better winning chances.} Rc1 39. Rd7) 38... Rc3+ (38... Kg7 $16) 39. Kf2 $2 ({White has to play} 39. Kd2 $1 $18 {[%cal Rd2c3]} Rc4 40. Kd3) 39... Kg7 $11 40. Rxa4 Rc2+ (40... Bxa3 $11 41. Ke2 Bc1) 41. Ke1 (41. Ke3 $142 $1 {[%cal Re3d3] And now Kd3 would win.} Bd6 42. Kd3) 41... Rc3 $2 {[#]} (41... Bd6 $16) 42. Ke2 $2 (42. Kd2 $1 $18 {[%cal Rd2c3] is the precise move to win.} Rc5 43. Ra7) 42... Bxa3 $2 {[%mdl 8192] [#]} (42... Bd6 $16) 43. c7 $2 (43. Kd2 $1 $18 {[%cal Rd2c3]} Bb2 44. Ra2) 43... Bd6 $15 44. Ra7 Rxc7 45. Rxc7 Bxc7 {KB-KB} 46. g4 $2 {[%mdl 8192]} (46. Bc6 $15) 46... fxg4 $19 ({Weaker is} 46... Bxf4 47. gxf5 exf5 48. h5 $17) 47. Bxg4 Kf6 $2 (47... f5 $19 48. Bf3 Bxf4) 48. Kf3 Bb6 49. Bh3 Kg6 50. Kg4 f5+ 51. Kf3 h5 52. Bf1 Bd4 53. Bc4 Kf6 54. Kg3 Be3 55. Kf3 Bd2 56. Kf2 (56. Kg3 $11) 56... Bxf4 $17 57. Kf3 Bd6 58. Ba2 $2 {[%mdl 8192]} (58. Be2 $17) 58... e5 (58... Bb4 $142 59. Kf2 e5 60. Bb3 Bc5+ 61. Kg2 Be7 62. Kg3 Kg6 63. Bc2 Bf6 64. Bd3 Bd8 65. Bc2 Be7 66. Bd3 Bf6 67. Bc2 Bd8 68. Bd3 Bf6 69. Bc2 Be7 70. Bd3 Bf6) 59. Bb3 e4+ 60. Ke3 Bc5+ 61. Kf4 Bb4 62. Ba4 Bd2+ 63. Kg3 f4+ 64. Kf2 Kf5 65. Bd7+ $2 (65. Bd1 Be3+ 66. Kg2) 65... Kf6 $2 ({Black should try} 65... Ke5 $19 66. Be8 f3) 66. Be8 (66. Ba4 $1 $11 {was the only way to keep the balance.}) 66... Kf5 (66... Bb4 $17 {Strongly threatening ...Bc5+.} 67. Bxh5 Bc5+ 68. Kg2 Ke5) 67. Bxh5 (67. Bd7+ $1 $11 Ke5 68. Ke2) 67... e3+ (67... Bc3 $17 68. Bd1 Bd4+ 69. Kg2 Bg7) 68. Kf3 $11 {The position is equal.} Be1 69. Be8 Bxh4 70. Bb5 Be7 71. Ba6 Bd6 72. Be2 Ke5 73. Bf1 Kd4 74. Ba6 Kc3 75. Bb5 Kd2 {What a bad dream for Black. Accuracy: White = 37%, Black = 44%.} 1/2-1/2

[Event "GER-ch Blitz Women 2020"]
[Site "Magdeburg"]
[Date "2020.08.15"]
[Round "11.3"]
[White "Frey, Alisa"]
[Black "Voicu-Jagodzinsky, Carmen"]
[Result "1/2-1/2"]
[WhiteElo "2087"]
[BlackElo "2244"]
[Annotator "TA"]
[PlyCount "85"]
[EventDate "2020.07.28"]
[EventType "tourn"]
[EventCountry "GER"]
[SourceTitle "playchess.com"]
[Source "ChessBase"]
[SourceQuality "1"]

{[%evp 20,85,50,47,50,47,49,22,32,10,16,16,12,0,0,2,21,16,20,16,21,27,20,10,14,10,13,20,19,5,47,50,38,0,0,0,4,-8,0,0,41,41,131,2,99,0,0,0,0,0,0,0,125,8,17,0,0,0,8,8,26,27,26,0,0,0,0,-8]} 1. e4 c5 2. Nf3 Nc6 3. d4 cxd4 4. Nxd4 g6 5. Be3 Bg7 6. c4 Nf6 7. Nc3 d6 8. Be2 O-O 9. O-O Bd7 10. f3 Nxd4 11. Bxd4 a5 {B38: Sicilian: Maroczy Bind with 5...Bg7 and 7...0-0.} 12. Rb1 Bc6 13. b3 Nd7 {[#]} 14. a3 $146 ({Predecessor:} 14. Bxg7 Kxg7 15. Qd4+ Kg8 16. Rfd1 Qb6 17. Qxb6 Nxb6 18. Nd5 Bxd5 19. cxd5 Rfc8 20. Rdc1 {0-1 (33) Romero Flores,C (1924)-Lorscheid,G (2200) Bad Homburg 2018}) 14... Bxd4+ 15. Qxd4 Qb6 16. Rfd1 Qxd4+ 17. Rxd4 Nc5 18. Nd5 Bxd5 19. cxd5 Rfc8 20. Bb5 Kg7 21. Rdd1 g5 22. Kf2 h5 23. Ke3 Kf6 24. Rdc1 Ke5 25. g3 Kf6 26. b4 axb4 27. axb4 Na6 $1 28. Bxa6 bxa6 $11 {[%mdl 4096] Endgame KRR-KRR} 29. Rc6 Rcb8 30. Kd4 {Threatens to win with e5+.} Rb5 ({Black should try} 30... Kg7 $14) 31. Kc4 (31. e5+ $1 $16 Kf5 32. exd6 exd6 33. Kc4 (33. Rxd6 a5 $14)) 31... Rb7 (31... Ke5 $1 $11) 32. Ra1 (32. f4 $1 $16) 32... Rab8 33. Ra4 Rb6 34. f4 gxf4 35. gxf4 e6 {[#]} (35... e5 $11 {keeps the balance.}) 36. Rxb6 ({Don't play} 36. Rxa6 $6 Rxb4+ 37. Kd3 Rb3+ 38. Rc3 R8b4 $11) ({White must play} 36. Rxd6 $1 $16 {[%mdl 512]} Rxd6 37. e5+ {[%mdl 64] Double Attack} Ke7 38. exd6+ Kd7 39. Rxa6 Rc8+ 40. Kd3) 36... Rxb6 $16 {KR-KR} 37. Ra3 exd5+ 38. Kxd5 Rxb4 39. Rxa6 {Hoping for e5+.} Rb2 40. Rxd6+ Kg7 41. e5 Rxh2 42. Kc6 Rf2 43. Rf6 {Accuracy: White = 72%, Black = 77%.} 1/2-1/2

[Event "GER-ch Blitz Women 2020"]
[Site "Magdeburg"]
[Date "2020.08.15"]
[Round "11.4"]
[White "Zimmer, Elke"]
[Black "Mader, Lena"]
[Result "1-0"]
[WhiteElo "1952"]
[BlackElo "1839"]
[Annotator "TA"]
[PlyCount "81"]
[EventDate "2020.07.28"]
[EventType "tourn"]
[EventCountry "GER"]
[SourceTitle "playchess.com"]
[Source "ChessBase"]
[SourceQuality "1"]

{[%evp 17,80,38,56,-15,21,-102,44,41,41,43,51,40,31,-108,-110,-125,-120,-120,-117,-117,479,479,603,581,590,571,667,624,734,725,923,760,754,745,727,668,652,714,709,697,878,871,1611,641,637,611,615,608,614,547,554,471,740,694,641,550,752,724,29994,29993,29995,29996,29998,29999,29999]} 1. e4 c6 2. d4 d5 3. exd5 cxd5 4. Nf3 Nf6 5. Bd3 Nc6 6. c3 Bg4 7. O-O g6 8. Bf4 Bg7 9. Nbd2 O-O 10. Qc2 {B13: Caro-Kann: Exchange Variation and Panov-Botvinnik Attack.} (10. h3 $14 Bf5 11. Bxf5 gxf5 12. Ne1) 10... Rc8 {[#]} 11. a3 $146 (11. Be2 $11 {keeps the balance.}) ({Predecessor:} 11. Qb3 Nh5 12. Be3 Qc7 13. Qxd5 Nf4 14. Bxf4 Qxf4 15. Qe4 Qxe4 16. Bxe4 Rfd8 17. h3 {1-0 (32) Gukesh,D (2563)-Piliposyan,R (2199) chess.com INT 2020}) 11... Bxf3 (11... Nh5 $17 12. Be3 Qc7) 12. Nxf3 $14 {White is slightly better.} Nh5 13. Be3 a6 14. Qd2 Na5 15. Bh6 (15. Rae1 $14 {stays ahead.}) 15... Nb3 $1 $17 {[%csl LRa1,LRd2][%mdl 64] [#] Double Attack} 16. Qg5 Nxa1 17. Rxa1 e6 18. Qe3 Qf6 $2 {[%mdl 8192] Loses the game.} (18... Nf6 $17 {stays on course. aiming for ...Ng4.} 19. h3 Bxh6 20. Qxh6 Qe7) 19. Bg5 $18 b5 20. Bxf6 Nxf6 21. Ne5 {[%cal Bf3e5,Be5d7,Bd7c5][%mdl 32]} h6 22. h3 Kh7 23. g4 Ng8 24. Nd7 Rfd8 25. Nc5 Rc6 26. Qf3 Nf6 27. h4 Kg8 28. Re1 h5 29. g5 Nd7 30. Nxd7 Rxd7 31. Qg3 Rb7 32. Re3 a5 33. Rf3 b4 34. Bf1 Rcc7 (34... bxa3 $142 35. bxa3 Bf8) 35. cxb4 axb4 36. Rb3 bxa3 37. Rxa3 Rxb2 38. Ra8+ {White mates.} Kh7 39. Qxc7 Bxd4 40. Qxf7+ {[%mdl 64] [#] Double Attack} Bg7 41. Qg8# {Accuracy: White = 51%, Black = 53%.} 1-0

[Event "GER-ch Blitz Women 2020"]
[Site "Magdeburg"]
[Date "2020.08.15"]
[Round "11.5"]
[White "Birkholz, Olga"]
[Black "Braun, Kristin"]
[Result "1-0"]
[WhiteElo "2001"]
[BlackElo "1918"]
[Annotator "TA"]
[PlyCount "59"]
[EventDate "2020.07.28"]
[EventType "tourn"]
[EventCountry "GER"]
[SourceTitle "playchess.com"]
[Source "ChessBase"]
[SourceQuality "1"]

{[%evp 9,59,0,57,11,9,-19,-17,-18,0,-14,-20,-14,-14,-47,-22,-38,-35,-26,-31,-66,-47,-70,-50,-100,-18,-22,-14,-56,-56,-108,-92,-105,-65,-77,-72,-50,99,100,123,30,224,194,1101,1056,1206,1215,1207,1207,1257,1246,1225,1201]} 1. d4 Nf6 2. Nc3 d5 3. Bf4 Bf5 4. e3 e6 5. Nf3 c5 (5... Nbd7 $11) 6. Bd3 {D02: 1 d4 d5 2 Nf3 sidelines, including 2...Nf6 3 g3 and 2...Nf6 3 Bf4.} (6. Nb5 $5 {[%cal Rb5c7]} Na6 7. c3 $16) 6... Bxd3 7. Qxd3 Nc6 8. O-O {[#] The position is equal.} Be7 $146 ({Predecessor:} 8... c4 9. Qe2 Bb4 10. Bg5 O-O 11. Rad1 Rc8 12. e4 Bxc3 13. bxc3 dxe4 14. Nd2 Ne7 15. Bxf6 gxf6 16. Nxe4 {0-1 (68) Worek,J (2326)-Nguyen,T (2569) Pardubice 2020}) 9. dxc5 Bxc5 10. a3 O-O 11. Bg5 Rc8 12. Rad1 h6 13. Bh4 Be7 14. Bg3 a6 15. h3 Na5 16. Ne5 Nc4 ({Black should try} 16... Bd6 $17) 17. Nxc4 $11 Rxc4 18. Qe2 Qb6 19. Rb1 (19. Be5 $15) 19... Rfc8 20. Be5 Qa5 21. Bd4 Nd7 22. Qg4 {[%csl Gd4][%cal Rg4g7]} Rxd4 (22... Bf6 $15 {stays ahead.}) 23. exd4 $16 Bf6 24. b4 (24. Qd1 $16) 24... Qb6 $2 {[#] Black cannot hold the game after this.} (24... Qd8 $11 25. Na4 Rxc2) 25. Nxd5 $1 $18 {[%mdl 576] Pin} Qxd4 $2 {[#]} (25... exd5 26. Qxd7 {[%mdl 64] Double Attack} Rd8) 26. Ne7+ $1 {[%mdl 512] White is clearly winning.} Kf8 (26... Bxe7 27. Qxd4) 27. Qxd4 Bxd4 28. Nxc8 Ke8 29. Rfd1 Be5 30. Nd6+ {Accuracy: White = 56%, Black = 53%.} 1-0

[Event "GER-ch Blitz Women 2020"]
[Site "Magdeburg"]
[Date "2020.08.15"]
[Round "11.6"]
[White "Muetsch, Annmarie"]
[Black "Osmanodja, Filiz"]
[Result "1-0"]
[WhiteElo "2219"]
[BlackElo "2293"]
[Annotator "TA"]
[PlyCount "68"]
[EventDate "2020.07.28"]
[EventType "tourn"]
[EventCountry "GER"]
[SourceTitle "playchess.com"]
[Source "ChessBase"]
[SourceQuality "1"]

{[%evp 20,68,33,31,31,33,41,30,37,32,47,29,47,39,39,39,58,47,57,39,39,33,50,39,54,23,87,94,175,131,140,112,151,68,33,39,105,105,142,159,384,383,978,233,258,73,243,227,660,658,637]} 1. e4 c5 2. Nf3 d6 3. Bb5+ Nc6 4. O-O Bd7 5. Re1 Nf6 6. c3 a6 7. Bf1 Bg4 8. h3 Bxf3 9. Qxf3 g6 10. d3 Bg7 11. Be3 O-O {B51: Sicilian: Moscow Variation (3 Bb5+) without 3...Bd7.} 12. Nd2 Nd7 13. Qd1 b5 {White has an edge.} 14. Nf3 b4 15. Qa4 Qc7 16. d4 Nb6 17. Qc2 bxc3 18. bxc3 {[%cal Bb2c3,Bc3d4][%mdl 32]} Na5 {[%cal Bc6a5,Ba5c4,Bc4b2][%mdl 32] [#]} 19. Qd1 $146 ({Predecessor:} 19. dxc5 dxc5 20. Nd2 Qe5 21. Rec1 Rfc8 22. Rab1 Qe6 23. Nb3 Nb7 24. Be2 h5 25. f4 {1-0 (38) Muzychuk,M (2491)-Maisuradze,N (2302) Cap d'Agde 2013}) 19... Nac4 20. Bg5 h6 21. Bh4 Rab8 22. a4 cxd4 (22... Nb2 $11 23. Qc2 N6c4) 23. cxd4 $16 {[#] a5 is the strong threat.} g5 (23... Nb2 $16 24. Qe2 N6xa4) 24. Bg3 Nb2 25. Qe2 N2xa4 26. Qxa6 ({White should try} 26. h4 $16) 26... Ra8 $14 27. Qd3 Rfc8 (27... Qc3 $1 $14) 28. e5 $16 {Threatens to win with e6.} dxe5 29. Nxe5 Qc3 $2 {[#]} (29... Bxe5 $16 30. Bxe5 Qd8) 30. Qf5 $18 Rf8 $2 (30... Bxe5 31. Bxe5 Qc6) 31. h4 $2 (31. Bd3 Qxd3 32. Qxd3) 31... e6 32. Qe4 $2 (32. Qg4 $18) 32... gxh4 $2 (32... f5 $16 33. Qc6 Qxc6 34. Nxc6 f4) 33. Qxh4 {Hoping for Rac1.} Ra5 $2 (33... Nd5 34. Rad1 Nb2) 34. Rac1 Qb2 {Accuracy: White = 54%, Black = 44%.} 1-0

[Event "GER-ch Blitz Women 2020"]
[Site "Magdeburg"]
[Date "2020.08.15"]
[Round "11.7"]
[White "Kosovska, Olena"]
[Black "Michna, Marta"]
[Result "0-1"]
[WhiteElo "1881"]
[BlackElo "2350"]
[Annotator "TA"]
[PlyCount "116"]
[EventDate "2020.07.28"]
[EventType "tourn"]
[EventCountry "GER"]
[SourceTitle "playchess.com"]
[Source "ChessBase"]
[SourceQuality "1"]

{[%evp 18,116,66,39,30,30,69,37,87,0,75,14,75,54,89,50,102,64,69,0,0,-86,-55,-106,-102,-108,-102,-103,-94,-135,-30,-123,-117,-85,-85,-98,-101,-147,-118,-107,-102,-179,-171,-251,-246,-286,-286,-285,-289,-393,-384,-432,-422,-435,-141,-506,-359,-406,-328,-488,-471,-643,-643,-609,-456,-1093,-338,-334,-318,-275,-59,-789,-210,-164,-167,-542,-538,-516,-8,-240,-129,-149,-157,-141,-170,-355,-152,-119,-97,-99,-99,-100,-88,-119,-8,-58,-58,-58,-8,-8,-8]} 1. e4 e6 2. d4 d5 3. Nd2 Nf6 4. e5 Nfd7 5. Bd3 c5 6. c3 Nc6 7. Ne2 a5 8. O-O cxd4 9. cxd4 Nb6 10. f4 g6 {C06: French Tarrasch: 3...Nf6 4 e5 Nfd7 5 Bd3 main lines.} 11. Nf3 h5 12. Bd2 Bd7 {White is slightly better.} 13. Rc1 {[#]} (13. Qc2 $16) 13... Ne7 $146 (13... Nb4 $11 14. Bxb4 Bxb4) ({Predecessor:} 13... Nb4 14. Bb1 Nc4 15. a3 Nc6 16. Rc2 Ne7 17. Ba2 b5 18. Bc1 Nc6 19. Bxc4 bxc4 {0-1 (51) Bauer,A (2036)-Menacher,M (2285) Bayern 2005}) 14. Qe1 (14. b3 $16) 14... a4 (14... Nc4 $1 $11 {keeps the balance.}) 15. Bb4 Bc6 16. Ng5 Qd7 (16... Nc4 $14) 17. a3 Nc4 18. Bxc4 (18. Rb1 $14) 18... dxc4 $11 19. Qg3 ({Don't play} 19. Rxc4 Qd5 $15) (19. Rf2 $11) 19... Nf5 $17 20. Qf2 (20. Qe1 $15) 20... Bxb4 21. axb4 b5 22. Rfd1 Qb7 23. Nc3 Rd8 (23... O-O $17 24. Ra1 Rfd8) 24. Rd2 (24. d5 $1 $11 {remains equal.} exd5 25. e6 fxe6 26. Qc5) 24... O-O 25. Rcd1 Bd5 26. Qe2 Kg7 27. Nce4 Bxe4 28. Nxe4 Ne7 29. Nd6 {[#]} (29. Qe1 $17 {is a better defense.}) 29... Qb6 $1 $19 30. Qf2 (30. Qe1 $142) 30... Nd5 31. Qh4 Rxd6 32. exd6 Qxd6 {[%mdl 64] Double Attack} 33. Rf1 Qxb4 34. Re2 {and the idea f5! leaves White hopeful.} Qd6 35. Re5 {intending Rxh5!} Nf6 $2 (35... Ra8 $19 {White must now prevent ...a3.} 36. Rf3 a3 37. bxa3 Rxa3 38. Rxa3 Qxa3) 36. Qf2 $2 {[%mdl 8192]} (36. Rxb5 $17 {nothing else works.} Ng4 37. Kh1) 36... b4 37. h3 Rd8 38. Rd1 (38. Rb5 {keeps fighting.}) 38... Nd5 39. Qg3 c3 40. bxc3 bxc3 41. Rxh5 (41. Rxd5 $142 c2 42. Rc1 Qxd5 43. Rxc2) 41... Qxf4 $2 (41... Nxf4 42. Qe3 gxh5) 42. Qxf4 Nxf4 {[%mdl 4096] Endgame KRR-KRN} 43. Rc5 Nd5 $2 ({Black should try} 43... Rb8 $19 {Hoping for ...Rb2.} 44. Ra1 Rb4) 44. Rc4 $2 {[%mdl 8192]} (44. Ra1 $15) 44... Ra8 $2 (44... Ne3 45. Rxc3 Nxd1) 45. Ra1 a3 {[%cal Ba4a3,Ba3a2][%mdl 32] And now ...a2 would win.} 46. Kf2 $2 (46. Ra2) 46... a2 47. Ke2 Nf4+ $2 ({Better is} 47... Rb8 $19 48. Kd3 Rb2) 48. Ke3 $2 {[#]} (48. Kf3 $1 $11 Nd5 49. Ke4) 48... Nxg2+ (48... g5 $1 $19 49. Rxc3 Nd5+ 50. Kd3 Nxc3 51. Kxc3 Kg6) 49. Kd3 Nf4+ 50. Kxc3 Nxh3 51. Kb2 $2 (51. Kd2) 51... Nf4 (51... g5 $19 {has better winning chances.} 52. Rc2 g4) 52. Rxa2 $17 Nd3+ (52... Rxa2+ {is more complex.} 53. Kxa2 Kf6 54. Kb1 Kf5 55. Kc2 Kg4) 53. Kb3 Rxa2 54. Kxa2 Nf4 55. Kb2 Kf6 (55... g5 $17 56. Kc1 Nd5) 56. Kc2 Kf5 57. Kd2 $1 g5 58. Ke3 Nd5+ {[%mdl 32768] Accuracy: White = 25%, Black = 43%. . Loss on time!?} 0-1